| 000 | 00426nam a22001697a 4500 | ||
|---|---|---|---|
| 003 | NUST - PNEC | ||
| 005 | 20170116181145.0 | ||
| 008 | 151012b xxu||||| |||| 00| 0 eng d | ||
| 020 | _a- | ||
| 040 | _cLIBRARY | ||
| 082 | _a891.4394 NAS | ||
| 100 |
_914951 _aNaseema Binte Siraj |
||
| 245 |
_aAawaz e Jars (Urdu) _cNaseema Binte Siraj |
||
| 260 | _cc.1997 | ||
| 650 |
_91769 _aUrdu Literature _xGeneral |
||
| 942 |
_2ddc _cBK |
||
| 999 |
_c70674 _d70674 |
||